| 000 | 00596cam a2200229 4500 | ||
|---|---|---|---|
| 001 | 1292786 | ||
| 005 | 20180104042928.0 | ||
| 008 | 720908s1972 nyua j b 000 0 eng | ||
| 010 | _a 76190724 | ||
| 040 |
_aDLC _cDLC _dDLC |
||
| 041 | _aeng | ||
| 042 | _alcac | ||
| 080 | _a411 DUG | ||
| 082 | 0 | 0 | _a411 DUG |
| 100 | 1 | _a16 | |
| 101 | _aHIS | ||
| 245 | 1 | 0 |
_aHow our alphabet grew; _cWritten and illustrated by William Dugan. |
| 350 | _a$3.95 | ||
| 504 | _aBibliography: p. 69. | ||
| 906 |
_a7 _bcbc _corignew _d2 _encip _f19 _gy-gencatlg |
||
| 942 |
_2ddc _cBK |
||
| 999 |
_c39680 _d39680 |
||